000 00539nam a2200181Ia 4500
003 GCL
008 140319s9999 xx 000 0 ara d
040 _aGCL /
_cGCL
082 0 4 _a070.172
_bى د
100 1 _aيونان لبيب رزق
245 1 0 _aديوان الحياة المعاصرة : الجزء الثانى القسم الاول /
_cيونان لبيب رزق
300 _a339 ص
490 _a
650 0 4 _aالصحف
650 0 4 _aالصحف المصرية
650 0 4 _aالاهرام (صحيفة)
942 _2ddc
_cBK
999 _c48545
_d48545